[Event "Barbera del Valles"]
[Site "XXIX Open"]
[Date "2006.07.05"]
[Round "1"]
[White "Alonso Rosell, Alvar"]
[Black "Rustemov, Alexander"]
[Result "0-1"]
[WhiteElo "2196"]
[BlackElo "2565"]
[PlyCount "56"]
[EventDate "2006.07.05"]
[SourceDate "2006.07.06"]

1. d4 d6 2. Nf3 Bg4 3. e4 Nf6 4. h3 Bh5 5. Bd3 e6 6. Bg5 Be7 7. Nbd2 d5 8. Qe2
dxe4 9. Nxe4 Nbd7 10. O-O-O c6 11. Kb1 Nxe4 12. Bxe7 Nc3+ 13. bxc3 Qxe7 14. Ka1
Qa3 15. Qd2 Bxf3 16. gxf3 Nf6 17. Rb1 b6 18. Rb3 Qe7 19. Rg1 g6 20. Be4 Rc8 21.
Re1 O-O 22. f4 Qd6 23. c4 Rfd8 24. Rd3 Nh5 25. c3 Qxf4 26. Qc2 Qh4 27. d5 cxd5
28. cxd5 Nf4 0-1

[Event "Barbera del Valles"]
[Site "XXIX Open"]
[Date "2006.07.05"]
[Round "1"]
[White "Hernandez Casillas, Joan"]
[Black "Teske, Henrik"]
[Result "0-1"]
[WhiteElo "2184"]
[BlackElo "2510"]
[PlyCount "78"]
[EventDate "2006.07.05"]
[SourceDate "2006.07.06"]

1. d4 Nf6 2. c4 e6 3. Nc3 Bb4 4. e3 O-O 5. Nge2 d5 6. a3 Be7 7. Nf4 Bd6 8. Bd3
Bxf4 9. exf4 dxc4 10. Bxc4 Nc6 11. Be3 b6 12. O-O Bb7 13. Rc1 Qd6 14. Qd3 Rfd8
15. Rfd1 Ne7 16. Ba6 Bxa6 17. Qxa6 c6 18. Qe2 Rac8 19. Qf3 a5 20. g4 Ned5 21.
Ne2 b5 22. Ng3 a4 23. h4 b4 24. axb4 Qxb4 25. Rc2 Qb3 26. Rdd2 Nb4 27. Rc5 Nfd5
28. Qd1 Ra8 29. Ne2 Qxd1+ 30. Rxd1 a3 31. bxa3 Rxa3 32. Bc1 Ra1 33. Rf1 h5 34.
g5 Kh7 35. Bd2 Ra2 36. Bxb4 Rxe2 37. Ba3 Nxf4 38. Rxc6 Rxd4 39. Bd6 Ng6 0-1

[Event "Barbera del Valles"]
[Site "XXIX Open"]
[Date "2006.07.05"]
[Round "1"]
[White "Gonzalez, Yuri"]
[Black "Esquivel, Luis"]
[Result "1-0"]
[WhiteElo "2491"]
[BlackElo "2179"]
[PlyCount "67"]
[EventDate "2006.07.05"]
[SourceDate "2006.07.06"]

1. e4 e6 2. d4 d5 3. e5 c5 4. c3 Nc6 5. Nf3 Bd7 6. Be2 Nge7 7. Na3 Nf5 8. Nc2
cxd4 9. cxd4 Qb6 10. O-O f6 11. Bd3 Nfe7 12. Re1 f5 13. b4 Ng6 14. h4 Be7 15.
h5 Nh4 16. Nh2 f4 17. Bxf4 O-O 18. Be3 Nf5 19. h6 g6 20. Ng4 Qd8 21. b5 Na5 22.
Bd2 Rc8 23. Bxf5 Rxf5 24. Nce3 Rf8 25. Rb1 Nc4 26. Bb4 Nxe3 27. Rxe3 Rc4 28.
Bxe7 Qxe7 29. Rf3 Rf5 30. Nf6+ Kh8 31. Rxf5 gxf5 32. Qh5 Rxd4 33. Rb3 f4 34.
Qg5 1-0

[Event "Barbera del Valles"]
[Site "XXIX Open"]
[Date "2006.07.05"]
[Round "1"]
[White "Carbonell Bofill, Carlos Eloy"]
[Black "Lopez Martinez, Jose Manuel"]
[Result "0-1"]
[WhiteElo "2176"]
[BlackElo "2480"]
[PlyCount "120"]
[EventDate "2006.07.05"]
[SourceDate "2006.07.06"]

1. d4 Nf6 2. Nf3 e6 3. Nbd2 d5 4. c3 c5 5. e3 Nc6 6. Bd3 Be7 7. O-O O-O 8. Re1
b6 9. dxc5 bxc5 10. e4 Bb7 11. Qa4 Qb6 12. exd5 exd5 13. Qh4 c4 14. Bc2 Ne4 15.
Qh5 Qxf2+ 16. Kh1 Nf6 17. Qf5 Rfe8 18. Rf1 Qb6 19. Ng5 Bc8 20. Qf4 h6 21. Nh7
Be6 22. Nxf6+ Bxf6 23. Nf3 Qb8 24. Ba4 Qxf4 25. Bxf4 Rec8 26. Rad1 Na5 27. Nd4
Bxd4 28. Rxd4 Nb7 29. Bd1 Nc5 30. Bf3 Nd3 31. Bxd5 Bxd5 32. Rxd5 Nxb2 33. Be3
Rc7 34. Rb1 Re8 35. Bg1 Na4 36. Bd4 Re2 37. Ra5 Nb6 38. a4 Rd7 39. Rc5 Nxa4 40.
Rxc4 Nb6 41. Rcb4 Nd5 42. Rb8+ Kh7 43. h3 Nf4 44. R8b7 Rxb7 45. Rxb7 Kg6 46.
Rxa7 Nxg2 47. c4 Nh4 48. Ra3 Nf5 49. Bb6 Rc2 50. c5 h5 51. Ba7 Kg5 52. Ra4 f6
53. Kg1 Nh4 54. Kf1 Nf3 55. Ra3 Nd2+ 56. Ke1 Ne4 57. Ra6 Kf4 58. Bb8+ Kf3 59.
Ra3+ Nc3 60. c6 Kg2 0-1

[Event "Barbera del Valles"]
[Site "XXIX Open"]
[Date "2006.07.05"]
[Round "1"]
[White "Almeida, Omar"]
[Black "Fabregas Fernandez, Bernat"]
[Result "1-0"]
[WhiteElo "2475"]
[BlackElo "2170"]
[PlyCount "37"]
[EventDate "2006.07.05"]
[SourceDate "2006.07.06"]

1. d4 Nf6 2. Nf3 e6 3. c4 d5 4. Nc3 Be7 5. Bg5 h6 6. Bh4 O-O 7. e3 b6 8. Qc2
Bb7 9. Bxf6 Bxf6 10. cxd5 exd5 11. h4 c5 12. O-O-O Nc6 13. g4 cxd4 14. exd4 Rc8
15. Kb1 g6 16. Bh3 Nb4 17. Qd2 Ba6 18. a3 Nd3 19. Bf1 1-0

[Event "Barbera del Valles"]
[Site "XXIX Open"]
[Date "2006.07.05"]
[Round "1"]
[White "Chalmeta Ugas, Ramon"]
[Black "Narciso Dublan, Marc"]
[Result "0-1"]
[WhiteElo "2167"]
[BlackElo "2467"]
[PlyCount "46"]
[EventDate "2006.07.05"]
[SourceDate "2006.07.06"]

1. e4 d6 2. d4 Nf6 3. f3 d5 4. e5 Nfd7 5. f4 c5 6. c3 Nc6 7. Nf3 cxd4 8. cxd4
Nb6 9. Be2 Bf5 10. O-O e6 11. b3 Be7 12. Ba3 O-O 13. Qd2 Rc8 14. Rc1 a6 15.
Bxe7 Qxe7 16. a3 Na7 17. Rxc8 Rxc8 18. Nc3 Bg4 19. Qb2 Nc6 20. Ne1 Nxd4 21.
Bxg4 Qc5 22. Nd1 Nf3+ 23. Kf1 Nxh2+ 0-1

[Event "Barbera del Valles"]
[Site "XXIX Open"]
[Date "2006.07.05"]
[Round "1"]
[White "Cuartas, Jaime Alexander"]
[Black "Pascual Sauch, Angel"]
[Result "1-0"]
[WhiteElo "2466"]
[BlackElo "2167"]
[PlyCount "63"]
[EventDate "2006.07.05"]
[SourceDate "2006.07.06"]

1. e4 c5 2. Nf3 Nc6 3. Bb5 g6 4. O-O Bg7 5. Re1 e5 6. c3 Nge7 7. Na3 O-O 8. Nc2
Qb6 9. Bc4 Na5 10. Bf1 Nac6 11. b4 cxb4 12. cxb4 Nd4 13. Ncxd4 exd4 14. a4 a5
15. b5 d6 16. h3 Be6 17. Ba3 Rfe8 18. d3 h6 19. Nd2 Rac8 20. Nc4 Bxc4 21. dxc4
Kh7 22. Bd3 Ng8 23. Qf3 Nf6 24. Qg3 Re6 25. f4 Nxe4 26. Rxe4 Rxe4 27. f5 Be5
28. Qf3 Re3 29. fxg6+ Kh8 30. Qf5 Rc7 31. gxf7 Rxf7 32. Qxf7 1-0

[Event "Barbera del Valles"]
[Site "XXIX Open"]
[Date "2006.07.05"]
[Round "1"]
[White "Rodriguez Pardo, Fernando"]
[Black "De la Paz, Frank"]
[Result "0-1"]
[WhiteElo "2165"]
[BlackElo "2442"]
[PlyCount "86"]
[EventDate "2006.07.05"]
[SourceDate "2006.07.06"]

1. d4 Nf6 2. c4 g6 3. Nc3 Bg7 4. e4 d6 5. g3 O-O 6. Bg2 Nbd7 7. Nge2 e5 8. O-O
c6 9. h3 Re8 10. d5 cxd5 11. cxd5 a5 12. Be3 Nc5 13. Rc1 Bd7 14. g4 h5 15. f3
b5 16. Ng3 h4 17. Nh1 b4 18. Nb1 Bb5 19. Re1 Nh7 20. Nf2 Bf6 21. Bf1 Bxf1 22.
Kxf1 Bg5 23. Qd2 Qf6 24. Kg2 Rac8 25. Bxg5 Nxg5 26. Qe3 Rc7 27. Re2 Rb8 28. b3
a4 29. Rec2 axb3 30. axb3 Ra7 31. Nd2 Kg7 32. Nc4 Ra6 33. Nxd6 Nxb3 34. Rc6
Rxc6 35. Rxc6 Qf4 36. Qxb3 Qg3+ 37. Kf1 Nxf3 38. Qb2 Ra8 39. Rc8 Qg1+ 40. Ke2
Nd4+ 41. Qxd4 Ra2+ 42. Qd2 Rxd2+ 43. Kxd2 Qxf2+ 0-1

[Event "Barbera del Valles"]
[Site "XXIX Open"]
[Date "2006.07.05"]
[Round "1"]
[White "Rafols Albet, Josep"]
[Black "Montell Zabay, Albert"]
[Result "1/2-1/2"]
[WhiteElo "2072"]
[BlackElo "2158"]
[PlyCount "61"]
[EventDate "2006.07.05"]
[SourceDate "2006.07.06"]

1. b3 e5 2. Bb2 Nc6 3. e3 Nf6 4. Ne2 d5 5. Ng3 h5 6. Bb5 h4 7. Ne2 h3 8. Bxe5
hxg2 9. Rg1 Ng4 10. Bg3 Qf6 11. Nbc3 Nxh2 12. Nd4 Bg4 13. Nxd5 Qg6 14. Nxc7+
Kd8 15. Nxc6+ bxc6 16. Be2 Bxe2 17. Qxe2 Qf6 18. Qd3+ Kc8 19. c3 Nf3+ 20. Ke2
Nxg1+ 21. Rxg1 Rb8 22. Ne8 Qg5 23. Qa6+ Kd8 24. Bxb8 Rh1 25. Qxc6 Rxg1 26. Bc7+
Ke7 27. Bd6+ Kd8 28. Bc7+ Ke7 29. Qe4+ Kd7 30. Qa4+ Kc8 31. Qa6+ 1/2-1/2

[Event "Barbera del Valles"]
[Site "XXIX Open"]
[Date "2006.07.05"]
[Round "1"]
[White "Lazaro Porta, Angel"]
[Black "Cruz, Filemon"]
[Result "0-1"]
[WhiteElo "2151"]
[BlackElo "2397"]
[PlyCount "98"]
[EventDate "2006.07.05"]
[SourceDate "2006.07.06"]

1. Nf3 c5 2. c4 Nf6 3. Nc3 e6 4. e4 d6 5. d4 cxd4 6. Nxd4 Be7 7. Be2 O-O 8. O-O
Nc6 9. Nc2 b6 10. f4 Bb7 11. Bf3 a6 12. Be3 Rc8 13. Qe2 Qc7 14. Rac1 Nd7 15.
Rfd1 Rfe8 16. Qf2 Bf8 17. b4 Ne7 18. Na4 Ng6 19. Nb2 Qb8 20. Ne1 Nf6 21. Bxb6
Nxf4 22. Be3 Ng6 23. Ned3 Nxe4 24. Bxe4 Bxe4 25. Rf1 f5 26. a3 Be7 27. Nf4 Nxf4
28. Bxf4 Bf6 29. c5 e5 30. Be3 d5 31. Qe2 Rc6 32. Qd2 f4 33. Bf2 Bg5 34. Rce1
Qd8 35. Qe2 Rg6 36. Qd1 Bh4 37. Rxe4 Bxf2+ 38. Rxf2 dxe4 39. Rd2 Qe7 40. Nc4 e3
41. Rd7 Qe6 42. Nb6 e4 43. Rd6 Qf7 44. Rd7 Qa2 45. Qd5+ Qxd5 46. Nxd5 e2 47.
Kf2 Rxg2+ 48. Ke1 f3 49. Kd2 e3+ 0-1

[Event "Barbera del Valles"]
[Site "XXIX Open"]
[Date "2006.07.05"]
[Round "1"]
[White "Campo Echevarria, Juan Francisco"]
[Black "Asis Gargatagli, Hipolit"]
[Result "0-1"]
[WhiteElo "2133"]
[BlackElo "2371"]
[PlyCount "50"]
[EventDate "2006.07.05"]
[SourceDate "2006.07.06"]

1. e4 c5 2. Nc3 e6 3. Nf3 a6 4. d4 b5 5. Bd3 Bb7 6. a3 Nc6 7. d5 Nce7 8. dxe6
dxe6 9. O-O Ng6 10. Bg5 Be7 11. Bxe7 N8xe7 12. Re1 O-O 13. e5 Qc7 14. Qe2 Nf4
15. Bxh7+ Kxh7 16. Ng5+ Kg8 17. Qg4 f6 18. Nxe6 Nxe6 19. Qxe6+ Rf7 20. exf6 Qc6
21. Qh3 Ng6 22. fxg7 Rxg7 23. Qe6+ Qxe6 24. Rxe6 Nf4 25. Rf6 Rxg2+ 0-1

[Event "Barbera del Valles"]
[Site "XXIX Open"]
[Date "2006.07.05"]
[Round "1"]
[White "Vilela, Jose Luis"]
[Black "Molinero Martin, Joan"]
[Result "1-0"]
[WhiteElo "2355"]
[BlackElo "2103"]
[PlyCount "137"]
[EventDate "2006.07.05"]
[SourceDate "2006.07.06"]

1. d4 Nf6 2. Nf3 g6 3. Bg5 Bg7 4. Nbd2 d5 5. e3 b6 6. Bd3 Bb7 7. c3 O-O 8. O-O
Nbd7 9. Qe2 Ne4 10. Bh4 Bf6 11. Bxf6 Ndxf6 12. Ne5 Nxd2 13. Qxd2 Ne4 14. Qe2 f6
15. Nf3 Qd7 16. c4 e6 17. Rac1 Rf7 18. Rfd1 Qe7 19. cxd5 exd5 20. Ba6 c6 21.
Rc2 b5 22. Bxb7 Qxb7 23. Rdc1 Rc8 24. Ne1 Qd7 25. Nd3 Qd6 26. Qe1 Rfc7 27. Qa5
Ng5 28. h3 Ne6 29. Qb4 Qd7 30. Qa5 Kf7 31. a4 a6 32. Nc5 Nxc5 33. Rxc5 h5 34.
b3 bxa4 35. Qxa4 Rb7 36. Rxc6 Rxc6 37. Rxc6 Ra7 38. Rxa6 Qxa4 39. Rxa4 Rb7 40.
b4 Ke6 41. h4 Kf5 42. f3 g5 43. Ra5 Ke6 44. b5 gxh4 45. Kh2 Kf5 46. b6 Rxb6 47.
Rxd5+ Kg6 48. Kh3 Rb1 49. Kxh4 Rh1+ 50. Kg3 h4+ 51. Kf2 Rb1 52. e4 Rb3 53. Kg1
h3 54. Kh2 hxg2 55. Kxg2 Rb7 56. Kg3 Rb1 57. Rd6 Kf7 58. e5 fxe5 59. dxe5 Re1
60. f4 Rg1+ 61. Kf3 Rf1+ 62. Ke4 Re1+ 63. Kf5 Ke7 64. Ra6 Rb1 65. Ra7+ Kd8 66.
Kg5 Rc1 67. f5 Rc8 68. Kf6 Ke8 69. Rh7 1-0

[Event "Barbera del Valles"]
[Site "XXIX Open"]
[Date "2006.07.05"]
[Round "1"]
[White "Chalmeta Ugas, Jordi"]
[Black "Vehi Bach, Victor"]
[Result "1/2-1/2"]
[WhiteElo "2093"]
[BlackElo "2345"]
[PlyCount "70"]
[EventDate "2006.07.05"]
[SourceDate "2006.07.06"]

1. d4 Nf6 2. c4 e6 3. Nc3 Bb4 4. Qc2 O-O 5. a3 Bxc3+ 6. Qxc3 d6 7. Bg5 Nbd7 8.
e3 b6 9. Bd3 c5 10. Ne2 Ba6 11. Qc2 h6 12. Bh4 Rc8 13. Qa4 Bb7 14. O-O a6 15.
f3 Qe7 16. Rac1 d5 17. cxd5 exd5 18. Bf2 b5 19. Qd1 c4 20. Bb1 a5 21. Ng3 g6
22. e4 dxe4 23. Re1 h5 24. Nxe4 Nxe4 25. fxe4 b4 26. axb4 axb4 27. Qd2 Rfe8 28.
Re3 Nf6 29. Bh4 Qe6 30. Rce1 c3 31. bxc3 bxc3 32. Rxc3 Rxc3 33. Qxc3 Nxe4 34.
Bxe4 Bxe4 35. h3 Qd5 1/2-1/2

[Event "Barbera del Valles"]
[Site "XXIX Open"]
[Date "2006.07.05"]
[Round "1"]
[White "Gomez Jurado, Luis Alberto"]
[Black "Lux, Gregory"]
[Result "0-1"]
[WhiteElo "2333"]
[BlackElo "2082"]
[PlyCount "141"]
[EventDate "2006.07.05"]
[SourceDate "2006.07.06"]

1. d4 Nf6 2. Nf3 g6 3. c4 c5 4. d5 d6 5. Nc3 Bg7 6. e4 O-O 7. Be2 Na6 8. O-O
Nc7 9. h3 a6 10. a4 Rb8 11. Re1 b6 12. e5 Nd7 13. exd6 exd6 14. Bf4 Ne5 15.
Nxe5 dxe5 16. Bh2 Ne8 17. Bf3 f6 18. Qb3 Nd6 19. Rad1 Kh8 20. Ne4 Rb7 21. Qc3
Re8 22. b4 cxb4 23. Qxb4 Bf8 24. Qc3 Nxe4 $11 25. Bxe4 Bd6 26. Bc2 a5 27. Qg3
Kg7 28. Qh4 Rc7 29. Bg3 Ba6 30. Bd3 Qd7 31. Bf1 Bb7 32. c5 Rxc5 33. Bb5 Rxb5
34. axb5 Qxb5 35. Qe4 Rc8 36. f4 f5 37. Qe2 Qxe2 38. Rxe2 e4 39. Bf2 b5 40.
Bd4+ Kf7 41. Be5 Ke7 42. g4 Rc5 43. gxf5 gxf5 44. Rg2 Bxe5 45. d6+ Bxd6 46.
Rg7+ Ke6 47. Rxb7 Bxf4 48. Rxh7 Rc2 49. Rb7 Be3+ 50. Kf1 Rf2+ 51. Ke1 Rb2 52.
Rd8 Ke5 53. Rdb8 b4 54. Rb5+ Kf4 55. Rf8 Bd2+ 56. Kf1 Ke3 57. Rfxf5 a4 58. Ra5
a3 59. Ra8 a2 60. Kg2 Bc3+ 61. Kg3 b3 62. Rb5 Rb1 63. Rxb3 Rxb3 64. Rxa2 Bd2
65. Ra8 Ke2+ 66. Kg2 Rb6 67. h4 Rg6+ 68. Kh3 Kf3 69. Rf8+ Bf4 70. h5 Rg3+ 71.
Kh4 0-1

[Event "Barbera del Valles"]
[Site "XXIX Open"]
[Date "2006.07.05"]
[Round "1"]
[White "Fernandez Gonzalez, Julio Honor"]
[Black "Perpinya Rofes, Lluis Maria"]
[Result "0-1"]
[WhiteElo "2079"]
[BlackElo "2333"]
[PlyCount "74"]
[EventDate "2006.07.05"]
[SourceDate "2006.07.06"]

1. d4 Nf6 2. c4 g6 3. Nc3 Bg7 4. g3 d5 5. Bg2 dxc4 6. Qa4+ Nfd7 7. Qxc4 Nb6 8.
Qb3 Qxd4 9. Be3 Qc4 10. Bxb6 Qxb3 11. axb3 Bxc3+ 12. bxc3 cxb6 13. Nh3 Nc6 14.
Nf4 O-O 15. Nd5 Rb8 16. b4 Be6 17. e4 Kg7 18. f4 b5 19. Kf2 Rfd8 20. h3 f5 21.
Nc7 Bc4 22. Rhd1 Rbc8 23. Nd5 fxe4 24. Bxe4 Bb3 25. Rd3 Bc2 26. Re3 Bxe4 27.
Nxe7 Nxe7 28. Rxa7 Bc6 29. Rxe7+ Kf6 30. Re2 Rd3 31. Re3 Rd2+ 32. Ke1 Rcd8 33.
g4 Rd1+ 34. Kf2 R8d2+ 35. Kg3 Rd3 36. Rxd3 Rxd3+ 37. Kh4 Bg2 0-1

[Event "Barbera del Valles"]
[Site "XXIX Open"]
[Date "2006.07.05"]
[Round "1"]
[White "Severri Arrese, Carlos"]
[Black "Berrocal Farina, Jorge"]
[Result "1/2-1/2"]
[WhiteElo "2069"]
[BlackElo "2317"]
[PlyCount "29"]
[EventDate "2006.07.05"]
[SourceDate "2006.07.06"]

1. e4 c5 2. Nc3 Nc6 3. g3 g6 4. Bg2 Bg7 5. d3 e6 6. Nge2 Nge7 7. O-O d6 8. Bg5
h6 9. Be3 Nd4 10. Qd2 Rb8 11. Nd1 b5 12. c3 Nxe2+ 13. Qxe2 O-O 14. Qd2 Kh7 15.
Bf4 1/2-1/2

[Event "Barbera del Valles"]
[Site "XXIX Open"]
[Date "2006.07.05"]
[Round "1"]
[White "Cruz, Cristhian"]
[Black "Sanchez Jerez, Emilio"]
[Result "1-0"]
[WhiteElo "2284"]
[BlackElo "2062"]
[PlyCount "69"]
[EventDate "2006.07.05"]
[SourceDate "2006.07.06"]

1. d4 Nf6 2. c4 g6 3. Nc3 Bg7 4. e4 d6 5. Nf3 O-O 6. Be2 e5 7. O-O Nc6 8. d5
Ne7 9. Bg5 h6 10. Bxf6 Bxf6 11. b4 a5 12. a3 axb4 13. axb4 Rxa1 14. Qxa1 Bg7
15. Nd2 f5 16. Qa8 c6 17. Qb8 Kh7 18. Rd1 cxd5 19. exd5 e4 20. Nb5 Be5 21. c5
Nxd5 22. Nc4 Nf4 23. Nxe5 Nxe2+ 24. Kf1 Qe8 25. Qc7+ Kg8 26. Qxd6 Nf4 27. Nc7
Qa4 28. Nxg6 Nxg6 29. Qxg6+ Kh8 30. Qxh6+ Kg8 31. Qg5+ Kf7 32. Rd6 Qa1+ 33. Ke2
Qb2+ 34. Qd2 Qe5 35. Qd5+ 1-0

[Event "Barbera del Valles"]
[Site "XXIX Open"]
[Date "2006.07.05"]
[Round "1"]
[White "Garcia Jimenez, Francisco Javier"]
[Black "Porras Mateo, Felipe"]
[Result "0-1"]
[WhiteElo "2270"]
[BlackElo "2025"]
[PlyCount "100"]
[EventDate "2006.07.05"]
[SourceDate "2006.07.06"]

1. e4 c5 2. d4 cxd4 3. c3 dxc3 4. Nxc3 Nc6 5. Nf3 d6 6. Bc4 Nf6 7. O-O e6 8.
Qe2 a6 9. Bg5 Be7 10. Rfd1 Qc7 11. Rac1 O-O 12. h3 Qb8 13. a4 Rd8 14. Rd2 Bd7
15. Be3 b6 16. Bxa6 Na5 17. Re1 Nb3 18. Rdd1 Bc6 19. Bb5 Bxe4 20. Nxe4 Nxe4 21.
Bc6 d5 22. Bxa8 Qxa8 23. Bxb6 Rb8 24. Bc7 Rb7 25. Be5 Qxa4 26. Qd3 f6 27. Bd4
Kf7 28. g3 Nxd4 29. Nxd4 Bc5 30. b3 Qxd4 31. Qxd4 Bxd4 32. Rxd4 Rxb3 33. Re2 h5
34. Ra4 h4 35. g4 Rxh3 36. Ra7+ Kg6 37. Re7 Ng5 38. Ra2 f5 39. gxf5+ Kxf5 40.
Rxg7 Rd3 41. Ra8 Rd1+ 42. Kg2 h3+ 43. Kh2 Ne4 44. Rf8+ Ke5 45. Kxh3 d4 46. f4+
Kd5 47. Rd8+ Kc4 48. Rc7+ Kd3 49. Re8 Ke3 50. Rxe6 Kf3 0-1

[Event "Barbera del Valles"]
[Site "XXIX Open"]
[Date "2006.07.05"]
[Round "1"]
[White "Vila Seuba, Joan Carles"]
[Black "Sanchez Romero, Miguel Angel"]
[Result "0-1"]
[WhiteElo "1982"]
[BlackElo "2208"]
[PlyCount "50"]
[EventDate "2006.07.05"]
[SourceDate "2006.07.06"]

1. d4 Nf6 2. Nf3 g6 3. Bf4 Bg7 4. e3 O-O 5. Nbd2 d6 6. Bd3 Nbd7 7. e4 e5 8.
dxe5 dxe5 9. Bg5 h6 10. Bh4 g5 11. Bg3 Nh5 12. Nxe5 Nxg3 13. Nxd7 Nxh1 14. Nxf8
Qxf8 15. Ke2 Bxb2 16. Rb1 Nxf2 17. Kxf2 Bd4+ 18. Kf1 Qd6 19. Nf3 Bb6 20. Qd2
Be6 21. h4 Qg3 22. hxg5 Rd8 23. gxh6 Bc4 24. Qg5+ Qxg5 25. Nxg5 Rxd3 0-1

[Event "Barbera del Valles"]
[Site "XXIX Open"]
[Date "2006.07.05"]
[Round "1"]
[White "Ridameya Tatche, Josep"]
[Black "Del Valle Cirera, Adria"]
[Result "1-0"]
[WhiteElo "2204"]
[BlackElo "1964"]
[PlyCount "39"]
[EventDate "2006.07.05"]
[SourceDate "2006.07.06"]

1. e4 e5 2. Bc4 Nf6 3. d4 exd4 4. Nf3 d5 5. exd5 Nxd5 6. O-O Nb6 7. Re1+ Be7 8.
Bb3 O-O 9. Qxd4 Bd7 10. Nc3 Nc6 11. Qd3 Na5 12. Bf4 c5 13. Nd5 Nxd5 14. Bxd5
Bc6 15. c4 Bxd5 16. cxd5 Bd6 17. Ng5 g6 18. Bxd6 Qxd6 19. Ne4 Qc7 20. Nf6+ 1-0

[Event "Barbera del Valles"]
[Site "XXIX Open"]
[Date "2006.07.06"]
[Round "2"]
[White "Rustemov, Alexander"]
[Black "Vilela, Jose Luis"]
[Result "1/2-1/2"]
[WhiteElo "2565"]
[BlackElo "2355"]
[PlyCount "113"]
[EventDate "2006.07.05"]
[SourceDate "2006.07.06"]

1. d4 Nf6 2. Nf3 e6 3. c4 d5 4. Nc3 dxc4 5. e4 Bb4 6. Bg5 c5 7. e5 cxd4 8. Nxd4
Qa5 9. exf6 Bxc3+ 10. bxc3 Qxg5 11. fxg7 Rg8 12. g3 Qd5 13. Rg1 Qe4+ 14. Be2 a6
15. Qd2 Nd7 16. O-O-O Qd5 17. Qh6 Qa5 18. Nc2 Qe5 19. Rge1 Rxg7 20. Qd2 Qc5 21.
Bf1 b5 22. Re4 Kf8 23. Rd4 Ra7 24. f4 Kg8 25. Rd6 Nf8 26. Nb4 Bb7 27. Qd4 Qxd4
28. R1xd4 f5 29. a4 Rc7 30. Kb2 Kf7 31. axb5 axb5 32. Rb6 Ra5 33. Rxb7 Rxb7 34.
Nc6 Ra8 35. Bg2 Rba7 36. Ne5+ Ke7 37. Bxa8 Rxa8 38. Nc6+ Kf6 39. Rd1 Ra6 40.
Nb4 Rb6 41. Rd8 Ke7 42. Ra8 Nd7 43. Ra7 Kd6 44. Ka3 h5 45. Nc2 Nf6 46. Kb2 Nd5
47. Rh7 Kc5 48. Rxh5 b4 49. cxb4+ Nxb4 50. Nxb4 Rxb4+ 51. Kc2 Ra4 52. Rh8 Ra2+
53. Kc3 Ra3+ 54. Kd2 Ra2+ 55. Kc3 Ra3+ 56. Kd2 Ra2+ 57. Kc3 1/2-1/2

[Event "Barbera del Valles"]
[Site "XXIX Open"]
[Date "2006.07.06"]
[Round "2"]
[White "Asis Gargatagli, Hipolit"]
[Black "Epishin, Vladimir"]
[Result "0-1"]
[WhiteElo "2371"]
[BlackElo "2555"]
[PlyCount "76"]
[EventDate "2006.07.05"]
[SourceDate "2006.07.06"]

1. d4 Nf6 2. Bg5 d6 3. Bxf6 exf6 4. e3 g6 5. g3 f5 6. Bg2 Nd7 7. Ne2 Nf6 8. c4
Bg7 9. Nbc3 O-O 10. O-O c6 11. b4 Bd7 12. Rb1 Rb8 13. b5 Qe7 14. Nf4 Rfe8 15.
Qb3 Bh6 16. b6 axb6 17. Qxb6 Qd8 18. Qb4 Qe7 19. d5 Ng4 20. Nd3 Qd8 21. Qb6 Bg7
22. Qxd8 Rexd8 23. Rfc1 Be8 24. Rb6 Kh8 25. Ne2 Ne5 26. Nxe5 dxe5 27. Rcb1 e4
28. f3 cxd5 29. cxd5 Rxd5 30. fxe4 fxe4 31. Bxe4 Re5 32. Bxb7 Rxe3 33. Kf2 Re5
34. Ba6 Rd8 35. Bc4 Rc8 36. Bb3 Bh6 37. Rb4 Bd2 38. Rc4 Rf5+ 0-1

[Event "Barbera del Valles"]
[Site "XXIX Open"]
[Date "2006.07.06"]
[Round "2"]
[White "Teske, Henrik"]
[Black "Cruz, Cristhian"]
[Result "1-0"]
[WhiteElo "2510"]
[BlackElo "2284"]
[PlyCount "59"]
[EventDate "2006.07.05"]
[SourceDate "2006.07.06"]

1. e4 c5 2. Nf3 d6 3. d4 cxd4 4. Nxd4 Nf6 5. f3 e6 6. c4 Be7 7. Nc3 a6 8. Be3
Qc7 9. Rc1 b6 10. Be2 Bb7 11. O-O O-O 12. Qd2 Nbd7 13. Rfd1 Rac8 14. Bf1 Qb8
15. Qf2 Rfe8 16. Kh1 Bf8 17. b3 d5 18. cxd5 exd5 19. Nxd5 Bxd5 20. exd5 Nxd5
21. Bd2 Rxc1 22. Rxc1 Ba3 23. Rd1 b5 24. Nf5 Qb6 25. Qh4 Qf6 26. Qg4 Kh8 27.
Nxg7 Ne5 28. Qd4 Rd8 29. Nh5 Nc7 30. Bg5 1-0

[Event "Barbera del Valles"]
[Site "XXIX Open"]
[Date "2006.07.06"]
[Round "2"]
[White "Perpinya Rofes, Lluis Maria"]
[Black "Gonzalez, Yuri"]
[Result "0-1"]
[WhiteElo "2333"]
[BlackElo "2491"]
[PlyCount "64"]
[EventDate "2006.07.05"]
[SourceDate "2006.07.06"]

1. e4 c6 2. d4 d5 3. Nc3 dxe4 4. Nxe4 Bf5 5. Ng3 Bg6 6. h4 h6 7. Nf3 Nd7 8. h5
Bh7 9. Bd3 Bxd3 10. Qxd3 e6 11. Bf4 Qa5+ 12. Bd2 Bb4 13. c3 Be7 14. O-O Ngf6
15. Rfe1 O-O 16. Ne5 Rad8 17. Qe2 Rfe8 18. Rad1 Qb5 19. Bf4 Qxe2 20. Rxe2 Nd5
21. Bc1 Nxe5 22. Rxe5 Bd6 23. Re4 f5 24. Rh4 Bxg3 25. fxg3 Nf6 26. Kf2 e5 27.
Kf3 c5 28. Be3 exd4 29. cxd4 Ng4 30. Bg1 Rd5 31. Rh1 Re4 32. Bf2 cxd4 0-1

[Event "Barbera del Valles"]
[Site "XXIX Open"]
[Date "2006.07.06"]
[Round "2"]
[White "Lopez Martinez, Jose Manuel"]
[Black "Ridameya Tatche, Josep"]
[Result "1-0"]
[WhiteElo "2480"]
[BlackElo "2204"]
[PlyCount "49"]
[EventDate "2006.07.05"]
[SourceDate "2006.07.06"]

1. e4 e5 2. Nf3 Nc6 3. Bb5 a6 4. Ba4 Nf6 5. O-O Be7 6. Re1 b5 7. Bb3 Bb7 8. c3
d5 9. exd5 Nxd5 10. d3 Qd6 11. Nbd2 Nf4 12. Ne4 Qd8 13. Bxf4 exf4 14. Nfg5 O-O
15. Qh5 h6 16. Nxf7 Rxf7 17. Bxf7+ Kh8 18. d4 Qf8 19. Nc5 Nd8 20. Bd5 Bxd5 21.
Qxd5 Bxc5 22. Qxc5 Qg8 23. Re7 f3 24. Rae1 Nf7 25. Qd5 1-0

[Event "Barbera del Valles"]
[Site "XXIX Open"]
[Date "2006.07.06"]
[Round "2"]
[White "Sanchez Romero, Miguel Angel"]
[Black "Almeida, Omar"]
[Result "0-1"]
[WhiteElo "2208"]
[BlackElo "2475"]
[PlyCount "60"]
[EventDate "2006.07.05"]
[SourceDate "2006.07.06"]

1. e4 c5 2. Nc3 Nc6 3. f4 e6 4. Nf3 a6 5. g3 b5 6. Bg2 Bb7 7. O-O d6 8. f5 exf5
9. d4 Nf6 10. e5 dxe5 11. Nxe5 Qxd4+ 12. Qxd4 cxd4 13. Nxc6 dxc3 14. Rxf5 Rc8
15. Na7 Bxg2 16. Nxc8 Bh3 17. Re5+ Kd7 18. Nb6+ Kc6 19. a4 Bd6 20. axb5+ axb5
21. Nc4 bxc4 22. Ra6+ Kc7 23. Rea5 Rb8 24. b4 Rb7 25. Ra7 Be6 26. Be3 Nd5 27.
Bc5 Rxa7 28. Rxa7+ Kb8 29. Ra5 Bxc5+ 30. Rxc5 Ne3 0-1

[Event "Barbera del Valles"]
[Site "XXIX Open"]
[Date "2006.07.06"]
[Round "2"]
[White "Narciso Dublan, Marc"]
[Black "Macaya Ruiz, Alfons"]
[Result "1-0"]
[WhiteElo "2467"]
[BlackElo "2051"]
[PlyCount "93"]
[EventDate "2006.07.05"]
[SourceDate "2006.07.06"]

1. d4 d5 2. c4 e6 3. Nc3 Nf6 4. Bg5 Be7 5. e3 h6 6. Bh4 O-O 7. Nf3 Ne4 8. Bg3
c5 9. cxd5 exd5 10. dxc5 Nxc3 11. bxc3 Qa5 12. Qd2 Bf6 13. Rc1 Qxc5 14. c4 Be6
15. cxd5 Qxd5 16. Bc4 Qxd2+ 17. Nxd2 Bxc4 18. Rxc4 b5 19. Rc2 Nd7 20. Ke2 Rfc8
21. Rhc1 Nb6 22. Bc7 Nd5 23. Ba5 Rxc2 24. Rxc2 b4 25. Ne4 Nc3+ 26. Nxc3 Bxc3
27. a3 Rb8 28. axb4 Bxb4 29. Bxb4 Rxb4 30. Rc8+ Kh7 31. Rc7 Kg8 32. Rxa7 h5 33.
f4 Rb5 34. Kf3 g6 35. h3 Kg7 36. Ra3 Kg8 37. e4 Kg7 38. e5 Kf8 39. Kg3 Rb2 40.
Rf3 Re2 41. Rf2 Re1 42. Kh4 Rb1 43. f5 Rb4+ 44. Kg5 Rb5 45. fxg6 Rxe5+ 46. Kh6
f5 47. Kh7 1-0